000 00813nam a22002057a 4500
999 _c13843
_d13843
003 AR-CdUCM
008 190416b ||||| |||| 00| 0 spa d
040 _aMUNICIPALIDAD PROVINCIAL DEL CUSCO
_cBIBLIOTECA MUNICIPAL DEL CUSCO
082 _aC / 346.43 /
_bV21
100 _aValenzuela Astete, Luis Ángel
_932410
245 _aPropiedad horizontal :
_bEstudio histórico, doctrinario y legislativo /
260 _aCuzco :
_bH. G. Rozas,
_c1958.
300 _a182 páginas ;
_c25 cm.
505 _aContenido : Consideraciones generales -- Antecedentes historicos y jurídicos de la propiedad horizontal -- La propiedad horizontal en la legislación comparada ...
650 _aPropiedad
_9740
650 _aHorizontal
_932411
650 _aJurídico
_911346
942 _2ddc
_cLIBROS
945 _arah
_d16/04/2019